000 00235 a2200097 4500
001 31187
100 _aChen, Chi-Tsong
245 _aLinear System theory and design
260 _aN Y
_bOxford University press
_c
090 _c21196
_d21196
942 _aNUST-CAE
_cM
_c12443
999 _c266260
_d266260